000 00985nam a22002055i 4500
001 160530
003 ES-MaACL
005 20250524063056.0
008 990723s1846 sp |||| | spa d
040 _aCCPB | B
_bspa
_cCCPB | B
100 1 _aNavarrete, Ramón de,
_d1818-1897
_985042
245 1 3 _aUn marido como hay muchos
_b: comedia en tres actos /
_carreglada á la escena española por Ramon de Navarrete.
260 _aMadrid :
_b[Manuel Delgado],
_c1846 (
_fImprenta de José Repulles)
300 _a59 p. ;
_c19 cm.
490 1 _aGalería dramática
500 _aEn port.: Estrenada en el teatro del Príncipe el 14 de mayo de 1846.
830 0 _aGalería dramática
_9186796
852 _aES-MaACL
_jF-8621(4)
_z-- Enc. pasta española
_q-- Falto de la cub. original
_z-- Enc. en un vol. facticio formando parte de la col. facticia "Teatro español moderno", vol. 76
_z.- Dedicatoria manuscrita del traductor "A su querida mamá"
999 _c160530
_d160530